Statistics for Countries Closest to Sweden - 30 Second Sprint

Click here to take the quiz!

General Stats

  • This quiz has been taken 74 times
  • The average score is 13 of 20

Answer Stats

kmcountrymiles% Correct
0Finland0
98%
0Norway0
98%
4Denmark2
97%
72Germany45
89%
208Russia129
89%
150Estonia93
86%
154Poland96
86%
144Latvia89
85%
195Lithuania121
79%
685United Kingdom426
70%
433Netherlands269
67%
658Belgium409
61%
515Belarus320
56%
776France482
53%
480Czechia298
42%
710Austria441
30%
732Luxembourg455
29%
694Ukraine431
23%
718Slovakia446
20%
846Hungary525
14%

Score Distribution

Percentile by Number Answered

Percent of People with Each Score

Your Score History

You have not taken this quiz